Cơ sở sinh lý học thực vật

Đã lưu trong:
书目详细资料
主要作者: Cơ sở sinh lý học thực vật
格式: 图书
语言:Undetermined
出版: Hà Nội KHKT 1978
主题:
标签: 添加标签
没有标签, 成为第一个标记此记录!
Thư viện lưu trữ: Trung tâm Học liệu Trường Đại học Cần Thơ
LEADER 00538nam a2200169Ia 4500
001 CTU_8684
008 210402s9999 xx 000 0 und d
082 |a 581.1 
082 |b C460/T3 
100 |a Cơ sở sinh lý học thực vật 
245 0 |a Cơ sở sinh lý học thực vật 
245 0 |c Cơ sở sinh lý học thực vật, Lê Đức Diên 
260 |a Hà Nội 
260 |b KHKT 
260 |c 1978 
650 |a plant physiology 
980 |a Trung tâm Học liệu Trường Đại học Cần Thơ